Statystyki dla Wybierz kraj w Afryce

Kliknij tutaj aby rozwiązać quiz!

Ogólne statystyki

  • Ten quiz został rozwiązany 15 razy
  • Średni wynik to 27 z 54

Odpowiedzi na mapie

Odpowiedzi skodowane kolorowo w zielono-czerwonej skali na mapie do tego quizu, zgodnie z poniższymi procentami.
 

Statystyki odpowiedzi

Odpowiedź% Poprawnych
Egipt
67%
Madagaskar
67%
Algieria
56%
Angola
56%
Botswana
56%
Burundi
56%
Demokratyczna Republika Konga
56%
Dżibuti
56%
Erytrea
56%
Etiopia
56%
Gambia
56%
Ghana
56%
Gwinea Równikowa
56%
Kamerun
56%
Komory
56%
Libia
56%
Mali
56%
Mauretania
56%
Mauritius
56%
Mozambik
56%
Republika Południowej Afryki
56%
Republika Środkowoafrykańska
56%
Senegal
56%
Seszele
56%
Somalia
56%
Sudan Południowy
56%
Togo
56%
Tunezja
56%
Wybrzeże Kości Słoniowej
56%
Wyspy Świętego Tomasza i Książęca
56%
Benin
44%
Burkina Faso
44%
Czad
44%
Gwinea-Bissau
44%
Gwinea
44%
Kenia
44%
Kongo
44%
Lesotho
44%
Liberia
44%
Malawi
44%
Maroko
44%
Namibia
44%
Niger
44%
Nigeria
44%
Republika Zielonego Przylądka
44%
Rwanda
44%
Sierra Leone
44%
Suazi (Eswatini)
44%
Sudan
44%
Tanzania
44%
Uganda
44%
Zambia
44%
Zimbabwe
44%
Gabon
33%

Rozkład punktacji

Percentyl według liczby udzielonych odpowiedzi

Procent ludzi z każdym wynikiem

Twoja historia wyników

Nie rozwiązałeś tego quizu